Rangi Valorant - Statystyki

Ogólne statystyki
  • Ten quiz został rozwiązany 1 166 razy
  • Średni wynik to 20 z 22
Statystyki odpowiedzi
Numer Ranga % Poprawnych
10 Gold 1
95%
1 Iron 1
95%
2 Iron 2
95%
4 Bronze 1
94%
5 Bronze 2
94%
6 Bronze 3
94%
11 Gold 2
94%
12 Gold 3
94%
3 Iron 3
94%
7 Silver 1
94%
8 Silver 2
94%
9 Silver 3
94%
22 Radiant
92%
16 Diamond 1
91%
17 Diamond 2
91%
18 Diamond 3
91%
13 Platinum 1
91%
14 Platinum 2
91%
15 Platinum 3
91%
19 Immortal 1
82%
20 Immortal 2
82%
21 Immortal 3
82%
Nie znaleziono quizów pasujących do podanych kryteriów
Rozkład punktacji
Procent ludzi z każdym wynikiem
Percentyl według liczby udzielonych odpowiedzi
Twoja historia wyników
Nie rozwiązałeś tego quizu